|
|
|
|
| LEADER |
02609nam a22006375i 4500 |
| 001 |
978-3-540-47332-9 |
| 003 |
DE-He213 |
| 005 |
20151204182756.0 |
| 007 |
cr nn 008mamaa |
| 008 |
100301s2006 gw | s |||| 0|eng d |
| 020 |
|
|
|a 9783540473329
|9 978-3-540-47332-9
|
| 024 |
7 |
|
|a 10.1007/11903697
|2 doi
|
| 040 |
|
|
|d GrThAP
|
| 050 |
|
4 |
|a QA75.5-76.95
|
| 072 |
|
7 |
|a UYZG
|2 bicssc
|
| 072 |
|
7 |
|a COM037000
|2 bisacsh
|
| 082 |
0 |
4 |
|a 004.0151
|2 23
|
| 245 |
1 |
0 |
|a Simulated Evolution and Learning
|h [electronic resource] :
|b 6th International Conference, SEAL 2006, Hefei, China, October 15-18, 2006. Proceedings /
|c edited by Tzai-Der Wang, Xiaodong Li, Shu-Heng Chen, Xufa Wang, Hussein Abbass, Hitoshi Iba, Guo-Liang Chen, Xin Yao.
|
| 264 |
|
1 |
|a Berlin, Heidelberg :
|b Springer Berlin Heidelberg,
|c 2006.
|
| 300 |
|
|
|a XXI, 940 p.
|b online resource.
|
| 336 |
|
|
|a text
|b txt
|2 rdacontent
|
| 337 |
|
|
|a computer
|b c
|2 rdamedia
|
| 338 |
|
|
|a online resource
|b cr
|2 rdacarrier
|
| 347 |
|
|
|a text file
|b PDF
|2 rda
|
| 490 |
1 |
|
|a Lecture Notes in Computer Science,
|x 0302-9743 ;
|v 4247
|
| 505 |
0 |
|
|a Evolutionary Learning -- Evolutionary Optimisation -- Hybrid Learning -- Adaptive Systems -- Theoretical Issue in Evolutionary Computation -- Real-World Applications of Evolutionary Computation Techniques.
|
| 650 |
|
0 |
|a Computer science.
|
| 650 |
|
0 |
|a Computers.
|
| 650 |
|
0 |
|a Computer science
|x Mathematics.
|
| 650 |
|
0 |
|a User interfaces (Computer systems).
|
| 650 |
|
0 |
|a Artificial intelligence.
|
| 650 |
|
0 |
|a Computer simulation.
|
| 650 |
|
0 |
|a Application software.
|
| 650 |
1 |
4 |
|a Computer Science.
|
| 650 |
2 |
4 |
|a Computation by Abstract Devices.
|
| 650 |
2 |
4 |
|a Artificial Intelligence (incl. Robotics).
|
| 650 |
2 |
4 |
|a Simulation and Modeling.
|
| 650 |
2 |
4 |
|a User Interfaces and Human Computer Interaction.
|
| 650 |
2 |
4 |
|a Discrete Mathematics in Computer Science.
|
| 650 |
2 |
4 |
|a Computer Appl. in Social and Behavioral Sciences.
|
| 700 |
1 |
|
|a Wang, Tzai-Der.
|e editor.
|
| 700 |
1 |
|
|a Li, Xiaodong.
|e editor.
|
| 700 |
1 |
|
|a Chen, Shu-Heng.
|e editor.
|
| 700 |
1 |
|
|a Wang, Xufa.
|e editor.
|
| 700 |
1 |
|
|a Abbass, Hussein.
|e editor.
|
| 700 |
1 |
|
|a Iba, Hitoshi.
|e editor.
|
| 700 |
1 |
|
|a Chen, Guo-Liang.
|e editor.
|
| 700 |
1 |
|
|a Yao, Xin.
|e editor.
|
| 710 |
2 |
|
|a SpringerLink (Online service)
|
| 773 |
0 |
|
|t Springer eBooks
|
| 776 |
0 |
8 |
|i Printed edition:
|z 9783540473312
|
| 830 |
|
0 |
|a Lecture Notes in Computer Science,
|x 0302-9743 ;
|v 4247
|
| 856 |
4 |
0 |
|u http://dx.doi.org/10.1007/11903697
|z Full Text via HEAL-Link
|
| 912 |
|
|
|a ZDB-2-SCS
|
| 912 |
|
|
|a ZDB-2-LNC
|
| 950 |
|
|
|a Computer Science (Springer-11645)
|